01282cam a22003135a 45000010009000000050017000090080041000260200018000670400033000850820023001181000023001412450152001642500012003162600050003283000035003785000131004135000020005446500038005646500027006026500023006296500038006526510010006906530031007007000031007317000037007629420008007999990017008079520144008241789933820201128024245.0130926t2014 enka fr 001 0 eng d a9780273784357 aDLCbengcDLCdDLCdEG-ScBUE04222a658.40019bBUZ1 aBuzan, Tony.9667010aMind maps for business :busing the ultimate thinking tool to revolutionise how you work /cTony Buzan ; editor Chris Griffiths and James Harrison. a2nd ed. aHarlow :bPearson Education Limited,cc.2014. axxvi, 270 p. :bill. ;c24 cm. aRevised edition of the author's Mind maps for business : revolutionise your business thinking and practice, published in 2010. aIncludes index. 7aSuccess in business.2BUEsh91390 7aIntellect.2BUEsh9804 7aBrain.2BUEsh9808 7aThought and thinking.2BUEsh9737 2BUEsh bGGENbBUSADMcFebruary20181 aGriffiths, Chris,eeditor.1 aHarrison, James,d1954-eeditor. 2ddc c26206d26178 00102ddc40708BaccahaMAINbMAINc1STd2018-02-28ePurchaseg160.00h21201l0o658.40019 BUZp000047309r2025-07-15 00:00:00v200.00yBB